000 00576nam a22001937a 4500
005 20251108174731.0
008 250721s2008 xx 000 0 ara d
082 1 4 _a649/ريس
100 1 _aالريس، ناهض منير
_eمؤلف
245 1 0 _aمفكرة الأم العربية بناء الأم بناء الأمة /
264 _c2008.
300 _a256ص.
650 1 7 _aالتربيه
650 1 7 _aرعايه الطفوله
650 1 7 _aالسياسه الاسريه
650 1 7 _aسيكولوجيه الاطفال
942 _2ddc
_cBK
999 _c116671
_d116671